Reprodukce a národní důchod problémy a souvislosti

Salvato in:
Dettagli Bibliografici
Autore principale: Koziolek, Helmut
Natura: Libro
Lingua:ceco
Pubblicazione: Praha Svoboda 1982
Tags: Aggiungi Tag
Nessun Tag, puoi essere il primo ad aggiungerne!!

MARC

LEADER 00000nam a2200000 4500
001 c131342
005 20230105083808.0
041 0 |a cze 
044 |a CZ 
245 1 0 |a Reprodukce a národní důchod  |b problémy a souvislosti  |c Helmut Koziolek 
264 1 |a Praha  |b Svoboda  |c 1982 
300 |a 250 s. 
100 1 |a Koziolek, Helmut